|
|
|
|
| LEADER |
01802nam a2200397 i 4500 |
| 001 |
41801 |
| 003 |
BD-DhAAL |
| 005 |
20240306115020.0 |
| 008 |
140915s2015 nju b 001 0 eng |
| 010 |
|
|
|a 2014030689
|
| 020 |
|
|
|a 9780691165394 (cloth : alk. paper)
|
| 020 |
|
|
|a 0691165394 (cloth : alk. paper)
|
| 040 |
|
|
|a DLC
|b eng
|c DLC
|e rda
|d DLC
|d BD-DhAAL
|
| 042 |
|
|
|a pcc
|
| 043 |
|
|
|a d------
|
| 050 |
0 |
0 |
|a HC59.7
|b .A7422 2015
|
| 082 |
0 |
0 |
|a 330.91724
|2 23
|
| 100 |
1 |
|
|a Agénor, Pierre-Richard.
|9 55532
|
| 245 |
1 |
0 |
|a Development macroeconomics /
|c Pierre-Richard Agenor and Peter J. Montiel.
|
| 250 |
|
|
|a Fourth Edition.
|
| 260 |
|
|
|a Princeton :
|b Princeton University Press,
|c 2015.
|
| 300 |
|
|
|a xxi, 768 pages ;
|c 27 cm.
|
| 504 |
|
|
|a Includes bibliographical references (pages 701-740) and index.
|
| 526 |
|
|
|a ESS
|
| 541 |
|
|
|a Karim International
|e 41801, 42382, 42383
|
| 650 |
|
0 |
|a Development economics.
|
| 650 |
|
0 |
|a Macroeconomics.
|
| 650 |
|
0 |
|a Economics.
|
| 651 |
|
0 |
|a Developing countries
|x Economic conditions.
|
| 700 |
1 |
|
|a Montiel, Peter J.,
|d 1951-
|9 47472
|
| 852 |
|
|
|a Ayesha Abed Library
|c General Stacks
|
| 942 |
|
|
|2 ddc
|c BK
|
| 999 |
|
|
|c 46171
|d 46171
|
| 952 |
|
|
|0 0
|1 0
|2 ddc
|4 0
|6 330_917240000000000_AGE
|7 0
|9 74456
|a BRACUL
|b BRACUL
|c GEN
|d 2023-09-25
|e Karim International
|g 11500.00
|l 1
|m 6
|o 330.91724 AGE
|p 3010041801
|q 2025-12-31
|r 2023-09-27
|s 2023-09-27
|t 1
|v 11500.00
|w 2023-09-25
|y BK
|
| 952 |
|
|
|0 0
|1 0
|2 ddc
|4 0
|6 330_917240000000000_AGE
|7 0
|9 75221
|a BRACUL
|b BRACUL
|c GEN
|d 2024-03-05
|e Karim International
|g 11500.00
|l 0
|o 330.91724 AGE
|p 3010042382
|r 2024-03-05
|t 2
|v 11500.00
|w 2024-03-05
|y BK
|
| 952 |
|
|
|0 0
|1 0
|2 ddc
|4 0
|6 330_917240000000000_AGE
|7 0
|9 75222
|a BRACUL
|b BRACUL
|c GEN
|d 2024-03-05
|e Karim International
|g 11500.00
|l 0
|o 330.91724 AGE
|p 3010042383
|r 2024-03-05
|t 3
|v 11500.00
|w 2024-03-05
|y BK
|